000 00673nmm a2200193 u 4500
005 20230303063624.0
008 170621s2014 mx b spa d
020 _a9786079401481
035 _aUPN01000219006
049 _aCD
050 4 _aHV6556
_bE7.7
245 0 0 _aEstudio diagnóstico sobre la violencia sexual contra las mujeres en el Estado de San Luis Potosí, México.
260 _aMéxico :
_bConsejo Estatal de Población :
_bEl Colegio de San Luis :
_bUNFPA,
_c[2014].
300 _a1 CD- ROM ;
_c4 3/4 plg.
650 7 _aDelitos sexuales
_2
_97343
650 4 _aViolencia contra las mujeres
_zMéxico
_922959
905 _aElectrónico
999 _c191106
_d191106